|
|
|
|
| LEADER |
00000naa0a2200000 4500 |
| 001 |
595227 |
| 005 |
20250227094126.0 |
| 035 |
|
|
|a (RuTPU)RU\TPU\tpu\15789
|
| 090 |
|
|
|a 595227
|
| 100 |
|
|
|a 20090211d1970 k y0rusy50 ca
|
| 101 |
0 |
|
|a rus
|
| 102 |
|
|
|a RU
|
| 200 |
1 |
|
|a Процессы взаимодействия инфильтрационных и седиментационных вод в Канском артезианском бассейне
|f С. Л. Шварцев
|
| 333 |
|
|
|a В фонде НТБ ТПУ отсутствует
|
| 463 |
|
|
|t Материалы шестого совещания по подземным водам Сибири и Дальнего Востока
|v С. 81
|d 1970
|
| 610 |
1 |
|
|a труды учёных ТПУ
|
| 700 |
|
1 |
|a Шварцев
|b С. Л.
|c российский гидрогеолог, доктор геолого-минералогических наук
|c профессор Томского политехнического университета, академик РАЕН
|f 1936-
|g Степан Львович
|3 (RuTPU)RU\TPU\pers\25914
|
| 801 |
|
1 |
|a RU
|b 63413507
|c 20090211
|g PSBO
|
| 801 |
|
2 |
|a RU
|b 63413507
|c 20100414
|g PSBO
|
| 942 |
|
|
|c BK
|